000 00536nam a2200193Ia 4500
005 20260429112146.0
008 260429s9999||||xx |||||||||||||| ||und||
020 _a9781032286594
041 _aEnglish
082 _a512.7
_bSHA
100 _aShalit, Orr Moshe
245 0 _aAnalyst’s gambit :
_ba second course in functional analysis /
_cOrr Moshe Shalit
250 _a1st ed.
260 _aBoca Raton :
_bCRC Press,
_c2026.
300 _axii, 254 p.; pbk
650 _a Fucntional analysis
650 _aGambit
942 _cTB
999 _c52651
_d52651